[Event "45th FIDE Chess Olympiad Open"]
[Site "Budapest, Hungary"]
[Date "2024.09.11"]
[Round "1.93"]
[White "Cheparinov, Ivan"]
[Black "Mafaaz Khalid"]
[Result "1-0"]
[WhiteElo "2628"]
[BlackElo "2069"]
[PlyCount "67"]
[EventDate "2024.??.??"]
[WhiteTeam "Bulgaria"]
[BlackTeam "Pakistan"]
[WhiteTeamCountry "BUL"]
[BlackTeamCountry "PAK"]
[WhiteClock "0:13:52"]
[BlackClock "0:06:32"]

1. e4 {Kritz,Leonid} e5 2. Nf3 Nc6 3. Bb5 Nf6 4. d3 ({RR} 4. Nc3 Bb4 ({RR} 4... Nd4) 5. O-O O-O 6. d3 d6 7. Bg5 Bxc3 8. bxc3 Qe7 9. Re1 h6 10. Bh4 a6 11. Bxc6 ({RR} 11. Ba4 Nd8) 11... bxc6 12. d4 Bg4 13. Qd3 Bxf3 14. Qxf3 g5 15. Bg3 Nd7) ({RR} 4. Qe2 Bc5 5. c3 O-O 6. d3 d6) 4... Bc5 ({RR} 4... d6 5. c3 ({RR} 5. O-O Bd7 6. c3 g6 7. Re1 Bg7) 5... g6 6. O-O Bg7 7. Re1 O-O 8. Nbd2 Bd7 ({RR} 8... a6 9. Bxc6 bxc6 10. Nf1 ({RR} 10. d4 Nd7) 10... c5 11. Ng3 Nd7) 9. Nf1 ({RR} 9. Ba4 Nh5 10. Nf1 Kh8 11. Bg5 Qe8 12. Ne3 f6 13. Bh4 Nd4 14. Bxd7 Nxf3+ 15. Qxf3 Qxd7) 9... Nh5 10. Ng3 ({RR} 10. Ne3 Nf4 11. a4 f5 12. Bc4+ Kh8 13. Nd5 fxe4 14. dxe4 Bg4) 10... Nf4 11. d4 a6 12. Ba4 b5 13. Bb3 Na5 14. Bc2 c5) 5. c3 ({RR} 5. Bxc6 dxc6 6. Be3 ({RR} 6. Nxe5 Qd4 7. Be3 Qxe5 8. d4 Qxe4 9. dxc5 Qxg2) 6... Bd6 7. h3 c5 8. Nbd2 Nd7 9. Nc4 O-O) ({RR} 5. Nc3 d6 6. Na4 Bb6 7. O-O Bd7 8. c3 Ne7 9. Nxb6 axb6 10. Bxd7+ Qxd7 11. Bg5 Ng6 12. Bxf6 gxf6 13. Nd2 f5) 5... d6 6. O-O O-O 7. Nbd2 a6 8. Ba4 b5 ({RR} 8... Ba7 9. h3 Ne7 10. Re1 Ng6 11. Nf1 b5 12. Bb3 Re8 13. Ng3 ({RR} 13. a4 Bb7 14. Be3 Bxe3 15. Nxe3 h6 16. Nh2 d5 17. axb5 axb5 18. Rxa8 Bxa8) 13... Bb7 14. Be3 Bxe3 15. fxe3 d5) ({RR} 8... Ba7 9. h3 Ne7 10. Re1 Ng6 11. Nf1 c6 12. Ng3 d5 13. exd5 Nxd5 14. d4 exd4 15. Nxd4 Re8 16. Rxe8+ Qxe8 17. Bb3 Qe5 18. Qe2 Bxd4 19. cxd4 Qxe2 20. Nxe2 Be6 21. Bd2 Rd8 22. Bc2 Rd7 23. Ng3 {Akopian,V (2697)-Cheparinov,I (2673) Albena 2012 ½-½ (38)}) 9. Bc2 ({RR} 9. Bb3 Bb6 10. Re1 Ne7 ({RR} 10... Na5 11. Bc2 c5 12. Nf1 Nc6 13. Bg5) 11. Nf1 Ng6 12. Ng3 Re8 ({RR} 12... Be6 13. h3 Qd7 14. Nh2 c5 15. Bg5 Ne8 16. Qf3 Nc7 17. Nf5 f6 18. Bd2 d5) 13. Ng5 Nh8 ({RR} 13... Re7 14. Nf5 Bxf5 15. exf5) 14. d4 h6 15. Nf3 Ng6 16. h3 Bb7 17. Bc2 ({RR} 17. d5 c6 18. dxc6 Bxc6) 17... d5 18. Nxe5 ({RR} 18. exd5 exd4 19. Rxe8+ Qxe8 20. Nxd4 Nxd5) 18... Nxe5 ({RR} 18... Nxe4 19. Nxg6 Nxg3 20. fxg3 fxg6 ({RR} 20... Rxe1+ 21. Qxe1 fxg6 22. Qe6+) 21. Bxg6) 19. dxe5 Nxe4 20. Nxe4 dxe4 21. Qh5 ({RR} 21. Qxd8 Raxd8 22. Bf4 ({RR} 22. Bxe4 Bxe4 ({RR} 22... Rxe5 23. Bh7+ Kxh7 24. Rxe5 Rd1+ 25. Kh2 Bxf2) 23. Rxe4 Rd1+ 24. Kh2 Bxf2) 22... g5 23. Bg3 Rd2) 21... g6 22. Qxh6 Rxe5 23. Be3 Qf6 {Adams,M (2723)-Kramnik,V (2791) London 2010 CBM 140 [Kritz,Leonid] ½-½ (45)} {RR} 24. Bxb6 Qxb6 25. Re3 Rd8 26. Rae1 Rd2) 9... a5 ({RR} 9... d5 10. Nxe5 ({RR} 10. exd5 Nxd5 11. Re1 Re8) 10... Nxe5 11. d4 Bd6 12. dxe5 Bxe5 13. Nf3 ({RR} 13. f4 Bd6 14. e5 Bc5+ 15. Kh1 Ng4) 13... Bg4 14. exd5 Bxf3 15. Qxf3 Qxd5 16. Qh3 ({RR} 16. Qxd5 Nxd5 17. Be4 Rad8) 16... Rfe8 17. Rd1 Qc6 18. Bg5 h6) ({RR} 9... d5 10. h3 d4 11. Re1 h6 12. a3 a5 13. c4 Ba6 14. cxb5 Bxb5 15. Ba4 Qb8 16. Nc4 Bd6 17. Bxb5 Qxb5 18. Nh4 Rfe8 19. Qf3 Re6 20. Nf5 Bf8 21. g4 a4 22. Bd2 Nd7 23. Rac1 Qb3 24. Kf1 {Feng,Y (1763)-Liu,A (1954) Liaocheng CHN 2024 0-1 (42)}) 10. a4 b4 11. Bb3 $146 ({RR} 11. Re1 h6 12. Nf1 bxc3 13. bxc3 Bb6 14. Ng3 Ne7 15. d4 Ng6 16. Nf5 Kh7 17. Bd2 Qe8 18. Qc1 Ng8 19. Rb1 Rb8 20. Ne3 f6 21. h3 N8e7 22. Nc4 Ba6 23. Nxb6 cxb6 24. Qa3 Qc6 25. h4 Qc7 {Neugebauer,M (2505)-Omelja,A (2515) Przeworsk 2022 1-0 (42)}) 11... Rb8 12. Bc4 Be6 13. Bxe6 fxe6 14. Nc4 Qe8 15. Re1 Qh5 16. Be3 Bxe3 17. Nxe3 Qg6 18. g3 Nd7 19. Nc4 bxc3 20. bxc3 Qf7 21. Ncd2 Nc5 22. Qe2 Rb2 23. Qe3 h6 24. Ra3 Rfb8 25. Kg2 Qf8 26. d4 Nd7 27. Nc4 d5 28. Nxb2 Qxa3 29. Nd3 exd4 30. cxd4 Rb3 31. exd5 Rxd3 32. Qxe6+ Kh8 33. dxc6 Nf8 34. Qf7 1-0

[Event "45th FIDE Chess Olympiad Open"]
[Site "Budapest, Hungary"]
[Date "2024.09.11"]
[Round "1.94"]
[White "Amer Karim"]
[Black "Petrov, Martin"]
[Result "1/2-1/2"]
[WhiteElo "2081"]
[BlackElo "2536"]
[PlyCount "110"]
[EventDate "2024.??.??"]
[WhiteTeam "Pakistan"]
[BlackTeam "Bulgaria"]
[WhiteTeamCountry "PAK"]
[BlackTeamCountry "BUL"]
[WhiteClock "0:28:14"]
[BlackClock "0:00:36"]

1. d4 Nf6 2. c4 e6 3. Nf3 b6 4. g3 Bb4+ 5. Bd2 Be7 6. Bg2 c6 7. Nc3 d5 8. Bf4 O-O 9. O-O Bb7 10. Ne5 Nbd7 11. e4 Nxe5 12. dxe5 Nxe4 13. Nxe4 dxe4 14. Bxe4 Qc7 15. Qf3 Rab8 16. Rfd1 c5 17. Bxb7 Qxb7 18. Qxb7 Rxb7 19. Rd2 $146 ({RR} 19. Kf1 Rd8 20. Rxd8+ Bxd8 21. Rd1 Be7 22. Ke2 Kf8 23. Be3 Ke8 24. f4 Rd7 25. Rf1 h5 26. h3 g6 27. b3 Rd8 28. Rb1 Kd7 29. Rd1+ {½-½ (29) Votava,J (2473)-Cvek,R (2467) Czech Republic CZE 2023}) 19... Rd8 20. Rxd8+ Bxd8 21. Rd1 Be7 22. Kg2 Kf8 23. Kf3 Ke8 24. Ke4 b5 25. cxb5 Rxb5 26. Rd2 Rb4+ 27. Kf3 g5 28. Be3 g4+ 29. Kg2 Ra4 30. b3 Re4 31. Bf4 h5 32. h3 Rb4 33. hxg4 hxg4 34. Kf1 c4 35. bxc4 Rxc4 36. Rb2 Bc5 37. Rd2 Bb6 38. Ke2 Rc3 39. Kf1 Kf8 40. Re2 Ra3 41. Bc1 Ra4 42. Be3 Bxe3 43. Rxe3 Kg7 44. a3 Kg6 45. Rb3 Re4 46. Rb5 Ra4 47. Rb3 a5 48. Rc3 Rd4 49. Rc5 Ra4 50. Rc3 Re4 51. Rc5 Ra4 52. Rc3 Re4 53. Rc5 Ra4 54. Rc3 Rd4 55. Rc5 Ra4 1/2-1/2

[Event "45th FIDE Chess Olympiad Open"]
[Site "Budapest, Hungary"]
[Date "2024.09.11"]
[Round "1.95"]
[White "Petkov, Momchil"]
[Black "Momin Fayzan"]
[Result "1-0"]
[WhiteElo "2540"]
[BlackElo "2064"]
[PlyCount "75"]
[EventDate "2024.??.??"]
[WhiteTeam "Bulgaria"]
[BlackTeam "Pakistan"]
[WhiteTeamCountry "BUL"]
[BlackTeamCountry "PAK"]
[WhiteClock "0:06:32"]
[BlackClock "0:31:35"]

1. e4 c5 2. Nf3 d6 3. Nc3 a6 4. g3 Nc6 5. Bg2 g6 6. d4 cxd4 7. Nxd4 Bg7 8. Be3 Bd7 9. O-O Nf6 10. h3 O-O 11. Nde2 Rc8 12. Rc1 ({RR} 12. b3 b5 13. Nd5 Be6 14. Qd2 Ne5 15. f4 Ned7 16. Nd4 Nc5 17. Nxe6 Nxe6 18. Rac1 Nc5 19. Nxf6+ Bxf6 20. c4 b4 21. Rcd1 Bc3 22. Qc2 Qc7 23. h4 h5 24. Kh2 Nd7 25. Bh3 Rcd8 26. Bxd7 Rxd7 {Grischuk,A (2767)-Nepomniachtchi,I (2751) Moscow 2018 ½-½ (98)}) ({RR} 12. Nd5 Nxd5 13. exd5 Na5 14. Bd4 Qc7 15. Bxg7 Kxg7 16. Rc1 b5 17. Re1 Qb6 18. Nd4 Rfe8 19. b3 b4 20. Qd2 e5 21. dxe6 fxe6 22. Re4 d5 23. Rh4 Kg8 24. Nf3 Nc6 25. Qh6 Re7 26. Ng5 Nd4 {Tabuenca Mendataurigoitia,D (2431)-Moysidis,A (1843) Prague CZE 2024 1-0 (31)}) 12... b5 $146 ({RR} 12... Ne5 13. b3 Bc6 14. Nd5 Ned7 15. c4 Nc5 16. Bg5 Bxd5 17. exd5 b5 18. Nd4 bxc4 19. Nc6 Rxc6 20. dxc6 cxb3 21. axb3 Qb6 22. Be3 Rd8 23. b4 {1-0 (23) Bachrikov,P-Kerzhaev,Y Rybinsk 2000}) ({RR} 12... Qa5 13. Nd5 Nxd5 14. exd5 Bxb2 15. Rb1 Qxa2 16. dxc6 Bxc6 17. Bxc6 Rxc6 18. c3 Bxc3 19. Nxc3 Rxc3 20. Bh6 Qa3 21. Kh2 Rb8 22. Qd4 e5 23. Qh4 Rf3 24. Rxb7 Rc8 25. Rc7 Rb8 26. Qc4 Rd8 27. Rc8 {Mariano,N (2207)-Tantipura,N (2002) Phuket 2022 1-0}) ({RR} 12... Ne5 13. b3 Qa5 14. Nd5 Nxd5 15. exd5 Be8 16. c4 b5 17. f4 Nd7 18. Qd2 Qxd2 19. Bxd2 bxc4 20. bxc4 Nc5 21. Bc3 Nd3 22. Rcd1 Bxc3 23. Rxd3 Bb4 24. Rc1 Bd7 25. Kh2 Bc5 26. Rb3 Rb8 27. Rcb1 {Mariano,N (2196)-Prestia,P (2059) chess.com INT 2023 1-0 (67)}) 13. Nd5 Nxd5 14. exd5 Na5 15. b3 Qc7 16. Qd2 Rfe8 17. c3 Nb7 18. Nd4 Nc5 19. c4 Qb8 20. cxb5 Bxb5 21. Rfd1 Bxd4 22. Bxd4 Rc7 23. Qh6 e5 24. dxe6 fxe6 25. Qe3 Qc8 26. Bb2 Nd3 27. Rxc7 Qxc7 28. Rxd3 Bxd3 29. Qxd3 Qb6 30. Qc3 e5 31. Bd5+ Kg7 32. Bc1 Qb8 33. Qe3 Qc7 34. Qh6+ Kh8 35. Bg5 Qg7 36. Qh4 Rf8 37. Bh6 Qf6 38. Bxf8 1-0

[Event "45th FIDE Chess Olympiad Open"]
[Site "Budapest, Hungary"]
[Date "2024.09.11"]
[Round "1.96"]
[White "Mudasir, Iqbal"]
[Black "Grigorov, Grigor"]
[Result "0-1"]
[WhiteElo "2055"]
[BlackElo "2514"]
[PlyCount "58"]
[EventDate "2024.??.??"]
[WhiteTeam "Pakistan"]
[BlackTeam "Bulgaria"]
[WhiteTeamCountry "PAK"]
[BlackTeamCountry "BUL"]
[WhiteClock "0:01:12"]
[BlackClock "0:41:42"]

1. e4 c6 2. d4 d5 3. f3 Qb6 4. c3 e5 5. exd5 cxd5 6. Qe2 Nc6 7. dxe5 Bc5 8. Nh3 Bxh3 9. gxh3 O-O-O 10. f4 Nh6 11. b4 $146 ({RR} 11. Nd2 f6 12. Nb3 fxe5 13. fxe5 Nxe5 14. Bg5 Rde8 15. O-O-O Nef7 16. Qg2 Nxg5 17. Nxc5 Qxc5 18. Qxg5 Qe3+ 19. Qxe3 Rxe3 20. Rxd5 Re1+ 21. Rd1 Rhe8 22. Bd3 Rxh1 23. Rxh1 Re3 24. Bxh7 Rxh3 25. Rg1 Rxh2 {Gesyan,S (1945)-Telesforo,C Tornelo INT 2021 1-0 (70)}) 11... Be7 12. Be3 Bh4+ 13. Bf2 Bxf2+ 14. Qxf2 d4 15. b5 Ne7 16. Be2 Nhf5 17. cxd4 Qa5+ 18. Nd2 Rxd4 19. Bg4 Kb8 20. b6 Rhd8 21. bxa7+ Ka8 22. Rd1 Re4+ 23. Be2 Nd4 24. O-O Nxe2+ 25. Kh1 Rxd2 26. Rxd2 Qxd2 27. Qc5 Nxf4 28. Qg1 Qd5 29. Qxg7 Re2+ 0-1

[Event "45th FIDE Chess Olympiad Open"]
[Site "Budapest, Hungary"]
[Date "2024.09.11"]
[Round "1.97"]
[White "Kao, Jamison Edrich"]
[Black "Kozak, Adam"]
[Result "0-1"]
[WhiteElo "2125"]
[BlackElo "2609"]
[PlyCount "70"]
[EventDate "2024.??.??"]
[WhiteTeam "Hong Kong, China"]
[BlackTeam "Hungary B"]
[WhiteClock "0:00:40"]
[BlackClock "0:08:16"]

1. e4 c5 2. Nf3 Nc6 3. Bb5 Nf6 4. Bxc6 dxc6 5. d3 Bg4 6. Nbd2 Nd7 7. h3 Bh5 8. b3 e5 9. g4 ({RR} 9. Bb2 f6 10. Nf1 Qc7 11. g4 Bf7 12. Ne3 O-O-O 13. a4 Bd6 14. Nf5 Rhg8 15. Nxd6+ Qxd6 16. Nh4 Nf8 17. Nf5 Qc7 18. a5 Ne6 19. Qf3 Rh8 20. Nxg7 Nxg7 21. Qxf6 Ne6 22. Bxe5 Qd7 23. Bg3 Nc7 {Manik,M (2351)-Kozak,A (2516) Slovakia 2022 0-1 (37)}) 9... Bg6 10. Bb2 f6 ({RR} 10... Bd6 11. Nc4 Qe7 12. Qe2 Bc7 13. a4 f6 14. Nh4 Bf7 15. Nf5 Qf8 16. a5 g6 17. Nfe3 Qe7 18. h4 h5 19. O-O-O b5 20. axb6 axb6 21. gxh5 Rxh5 22. Nf1 O-O-O 23. Ng3 Rh7 24. h5 gxh5 25. Nxh5 {Kovchan,A (2440)-Chitsazian,D (2113) San Cristobal de La Laguna ESP 2024 1-0 (45)}) 11. Nh4 $146 ({RR} 11. h4 h5 12. g5 Bf7 13. Nc4 Be6 14. Qd2 b5 15. Ne3 c4 16. dxc4 bxc4 17. O-O-O cxb3 18. axb3 a5 19. Nf5 a4 20. bxa4 Rxa4 21. Nd6+ Bxd6 22. Qxd6 Qe7 23. Qxc6 Rc4 24. Qa8+ Qd8 25. Qa6 Qe7 {Drygalov,A (2493)-Andreikin,D (2726) Chess.com INT 2020 1-0 (40)}) 11... Bf7 12. Qe2 g6 13. f4 exf4 14. g5 Bg7 15. Nhf3 O-O 16. h4 Be6 17. Qg2 Ne5 18. O-O-O Ng4 19. Rdg1 Qc7 20. gxf6 Bxf6 21. e5 Nxe5 22. Ne4 Nxf3 23. Nxf6+ Rxf6 24. Qxf3 Rf5 25. Qe4 Qf7 26. h5 g5 27. h6 Bd5 28. Qe1 Bxh1 29. Qc3 Kf8 30. Rxh1 Re8 31. Rg1 Qg6 32. Ba3 b6 33. d4 Qf6 34. Qh3 f3 35. c4 f2 0-1

[Event "45th FIDE Chess Olympiad Open"]
[Site "Budapest, Hungary"]
[Date "2024.09.11"]
[Round "1.98"]
[White "Prohaszka, Peter"]
[Black "Lam, Daniel King Wai"]
[Result "1-0"]
[WhiteElo "2542"]
[BlackElo "2088"]
[PlyCount "65"]
[EventDate "2024.??.??"]
[WhiteTeam "Hungary B"]
[BlackTeam "Hong Kong, China"]
[WhiteClock "0:03:58"]
[BlackClock "0:20:17"]

1. d4 d5 2. c4 e6 3. Nc3 Nf6 4. cxd5 exd5 5. Bg5 Be7 6. e3 O-O 7. Bd3 c6 8. h3 Nbd7 9. Qc2 Re8 10. Nf3 Nf8 11. O-O g6 12. Bh6 Ne6 13. Ne5 Ng7 14. g4 Nd7 15. f4 Bd6 ({RR} 15... Nxe5 16. fxe5 Bg5 17. Bxg5 Qxg5 18. Qf2 Be6 19. Kh2 h5 20. gxh5 Qxh5 21. Qg3 Qh6 22. Rf3 Re7 23. Rg1 Kh7 24. Ne2 Rh8 25. Nf4 Bf5 26. Bxf5 Nxf5 27. Qg4 Qh4 28. Qg2 Nxe3 29. Qd2 Nf5 30. Rg4 {Sarana,A (2712)-Duda,J (2733) chess.com INT 2024 1-0 (53)}) 16. Qf2 f6 17. Nf3 Nf8 18. a3 $146 ({RR} 18. Kh1 Be6 19. Rae1 Bf7 20. f5 Rc8 21. Nh4 Rc7 22. Rg1 a6 23. Qc2 g5 24. Nf3 c5 25. Qf2 cxd4 26. exd4 Rxe1 27. Nxe1 Nd7 28. h4 Nc5 29. hxg5 Nxd3 30. Nxd3 fxg5 31. Qd2 Be7 32. Ne5 Ne8 {Gostev,S (2256)-Ogleznev,A (2341) Kishinev 2009 1-0 (42)}) 18... Be6 19. Rae1 Bf7 20. Ne5 Qc7 21. Nxf7 Qxf7 22. e4 dxe4 23. Nxe4 Red8 24. Nxf6+ Kh8 25. Ne4 Nfe6 26. Bc4 Qc7 27. Bxg7+ Nxg7 28. Ng5 Rf8 29. Qh4 h5 30. Ne6 Nxe6 31. Rxe6 Bxf4 32. Rxg6 Qh7 33. Bd3 1-0

[Event "45th FIDE Chess Olympiad Open"]
[Site "Budapest, Hungary"]
[Date "2024.09.11"]
[Round "1.99"]
[White "Chan, Pui Yin Brandon"]
[Black "Antal, Gergely"]
[Result "0-1"]
[WhiteElo "2016"]
[BlackElo "2544"]
[PlyCount "138"]
[EventDate "2024.??.??"]
[WhiteTeam "Hong Kong, China"]
[BlackTeam "Hungary B"]
[WhiteClock "0:29:27"]
[BlackClock "0:02:27"]

1. c4 e5 2. Nc3 Nf6 3. Nf3 Nc6 4. e4 Bb4 5. d3 d6 6. a3 Bxc3+ 7. bxc3 O-O 8. Rb1 ({RR} 8. g3 Ne8 9. Nh4 Ne7 10. Bg2 c6 11. O-O f5 12. exf5 Nxf5 13. Nxf5 Bxf5 14. Be3 Qd7 15. d4 e4 16. c5 d5 17. Rb1 Nf6 18. Rb2 Rf7 19. Qa4 Qc8 20. Rfb1 b5 21. Qa5 a6 22. a4 Bh3 {Andreikin,D (2729)-Duda,J (2731) chess.com INT 2024 ½-½ (39)}) ({RR} 8. g3 Rb8 9. Bg2 b5 10. cxb5 Rxb5 11. c4 Rb7 12. h3 Na5 13. O-O h6 14. Bd2 c5 15. Rb1 Nc6 16. Rxb7 Bxb7 17. Nh4 Nd4 18. Bc3 Bc8 19. Bxd4 cxd4 20. Qa4 Qb6 21. Qb4 Be6 22. f4 Qc7 {Chidvilash,S (2196)-Sabuk,P (2412) Leca da Palmeira POR 2024 0-1 (58)}) 8... h6 9. g3 Nh7 10. Bg2 Rb8 $146 ({RR} 10... Ne7 11. O-O f5 12. exf5 Nxf5 13. d4 e4 14. Nd2 e3 15. Ne4 exf2+ 16. Rxf2 Rb8 17. Bf4 Be6 18. d5 Bf7 19. c5 Bg6 20. Qg4 Qe8 21. cxd6 cxd6 22. Re1 Bh5 23. Qh3 Qg6 24. Bf1 Rbe8 25. Bd3 {Vakhidov,J (2552)-Movsesian,S (2608) Warsaw 2021 0-1 (43)}) 11. Be3 b6 12. O-O Be6 13. h3 Ne7 14. Nh4 f5 15. exf5 Nxf5 16. Nxf5 Bxf5 17. f4 Qe8 18. g4 Bd7 19. Qe1 Bc6 20. Qg3 Bxg2 21. Qxg2 exf4 22. Bxf4 Qg6 23. Qg3 Rbe8 24. Rb2 Nf6 25. Rg2 Nd7 26. Rf3 Nc5 27. Rd2 Rf7 28. Be3 Nd7 29. Rxf7 Qxf7 30. Rf2 Qe6 31. Bd2 Ne5 32. Bf4 Ng6 33. Bd2 a6 34. Kh2 Ne5 35. Bf4 Nd7 36. Qf3 Rf8 37. Qg2 Nc5 38. Qf1 Qg6 39. d4 Nd3 40. Rf3 Nxf4 41. Rxf4 Qc2+ 42. Kh1 Rxf4 43. Qxf4 Qxc3 44. d5 Qxh3+ 45. Kg1 Qxa3 46. Qf5 Qg3+ 47. Kf1 Qe5 48. Qc8+ Kh7 49. Qxc7 Qf4+ 50. Ke1 Qe3+ 51. Kf1 Qf4+ 52. Ke1 Qc1+ 53. Ke2 Qb2+ 54. Kd1 Qb3+ 55. Ke2 Qb4 56. Kd1 a5 57. Qd7 Qb1+ 58. Kd2 Qb2+ 59. Kd1 Qd4+ 60. Ke1 Qe5+ 61. Kd2 Kg6 62. Qc6 a4 63. Qxa4 Qd4+ 64. Kc2 Qxg4 65. Qe8+ Kh7 66. Kc3 h5 67. Qe3 h4 68. Qxb6 Qg3+ 69. Kb4 Qe1+ 0-1

[Event "45th FIDE Chess Olympiad Open"]
[Site "Budapest, Hungary"]
[Date "2024.09.11"]
[Round "1.100"]
[White "Papp, Gabor"]
[Black "Chan, Wang Ip Boris"]
[Result "1-0"]
[WhiteElo "2550"]
[BlackElo "2016"]
[PlyCount "47"]
[EventDate "2024.??.??"]
[WhiteTeam "Hungary B"]
[BlackTeam "Hong Kong, China"]
[WhiteClock "0:32:30"]
[BlackClock "0:01:59"]

1. e4 c6 2. d4 d5 3. e5 Bf5 4. h4 h5 5. c4 e6 6. Nc3 dxc4 7. Bxc4 Nd7 8. Nge2 Be7 9. Ng3 Bg6 10. Be2 c5 ({RR} 10... Qb6 11. a4 a5 12. Be3 Rd8 13. O-O Qb4 14. Ra3 Nc5 15. Bxh5 Qxb2 16. Ra2 Qxc3 17. Bxg6 fxg6 18. Qg4 g5 19. dxc5 Qb3 20. Qe2 gxh4 21. Ne4 h3 22. g3 Qd5 23. Bf4 Bxc5 24. Rd2 Bd4 25. Rb1 {Karthikeyan,M (2611)-Maghsoodloo,P (2707) Doha QAT 2023 ½-½ (50)}) ({RR} 10... Qb6 11. Bf4 Nh6 {½-½ (11) Khripachenko,A (2296)-Ramoutar,A (2336) Belgrade SRB 2024}) 11. d5 $146 ({RR} 11. Bg5 cxd4 12. Qxd4 Nb6 13. Be3 Qxd4 14. Bxd4 O-O-O 15. Nb5 Kb8 16. Rc1 Bb4+ 17. Kf1 Ne7 18. Nd6 Nc6 19. Bxb6 {½-½ (19) Mitkov,N (2492)-Stojanovski,D (2416) Gevgelija 2002}) 11... Nxe5 12. Bf4 Bf6 13. Qa4+ Kf8 14. O-O-O Ne7 15. dxe6 Qb6 16. Nge4 Qxe6 17. Qxa7 Qc8 18. Qb6 Nd7 19. Qd6 Bd4 20. Bb5 Nf6 21. Rhe1 Nxe4 22. Nxe4 Qf5 23. Bd7 Qd5 24. Nc3 1-0

[Event "45th FIDE Chess Olympiad Open"]
[Site "Budapest, Hungary"]
[Date "2024.09.11"]
[Round "1.101"]
[White "Demchenko, Anton"]
[Black "Pg, Md Omar Ak Hafizon"]
[Result "1-0"]
[WhiteElo "2597"]
[BlackElo "2159"]
[PlyCount "65"]
[EventDate "2024.??.??"]
[WhiteTeam "Slovenia"]
[BlackTeam "Brunei Darussalam"]
[WhiteTeamCountry "SLO"]
[WhiteClock "0:09:25"]
[BlackClock "0:03:21"]

1. e4 c5 2. Nf3 e6 3. d4 cxd4 4. Nxd4 a6 5. a3 Nf6 6. Nc3 Qc7 7. f4 d6 8. g4 Nc6 ({RR} 8... e5 9. Nf5 g6 10. fxe5 dxe5 11. Bg5 Nbd7 12. Ne3 Bg7 13. Ned5 Nxd5 14. Nxd5 Qc6 15. Bg2 Nb6 16. Qe2 Nxd5 17. exd5 Qd7 18. h3 O-O 19. O-O-O b5 20. d6 Rb8 21. Be7 b4 22. axb4 Rxb4 23. c3 {Demchenko,A (2651)-Kucuksari,K (2369) Chess.com INT 2021 1-0 (35)}) 9. g5 Nd7 10. Be3 b5 ({RR} 10... Na5 11. Qe2 b5 12. O-O-O Bb7 13. f5 e5 14. Nf3 Nc4 15. Nd5 Bxd5 16. Rxd5 Rc8 17. Bf2 Ndb6 18. Bxb6 Qxb6 19. Rd3 Be7 20. Kb1 h6 21. f6 gxf6 22. Bh3 Rd8 23. g6 h5 24. Nh4 fxg6 25. Nxg6 {Nepomniachtchi,I (2793)-Pantsulaia,L (2597) Almaty KAZ 2022 1-0 (31)}) 11. Nxc6 $146 ({RR} 11. f5 Nde5 12. fxe6 fxe6 13. Bd3 Bd7 14. Rf1 Be7 15. Qe2 Nxd3+ 16. Qxd3 Ne5 17. Qe2 Nc4 18. O-O-O Nxe3 19. Qxe3 Qc5 20. h4 g6 21. Qd3 Rf8 22. Rxf8+ Kxf8 23. e5 Kg7 24. exd6 Qxd6 25. Nxe6+ Qxe6 {Valko,M (1680)-Viczencz,P (2055) Liptovsky Mikulas 2019 ½-½ (53)}) ({RR} 11. Qe2 Bb7 12. O-O-O Be7 13. h4 Nc5 14. Nf5 exf5 15. Nd5 Qa5 16. exf5 O-O 17. f6 Rfe8 18. fxg7 b4 19. Bxc5 Qxc5 20. Qh5 Ne5 21. axb4 Qf2 22. fxe5 Bxd5 23. Rxd5 Qe3+ 24. Rd2 Qe4 25. Bg2 Qxe5 {Copeland,S (2122)-Sadorra,J (2548) Charlotte USA 2024 1-0}) ({RR} 11. Qd2 Bb7 12. h4 Na5 13. Rg1 Nc4 14. Bxc4 Qxc4 15. h5 g6 16. Rh1 gxh5 17. Rxh5 Rc8 18. Rh4 Bg7 19. f5 Be5 20. O-O-O b4 21. axb4 Qxb4 22. Nce2 Qxd2+ 23. Rxd2 Nc5 24. Nc3 Ke7 25. Rd1 Bg3 {Karthik,V (2486)-Atabayev,M (2475) Delhi IND 2022 1-0 (68)}) 11... Qxc6 12. Qd4 Rb8 13. Be2 Qb6 14. Qd2 Qb7 15. h4 Nc5 16. Bf3 b4 17. axb4 Qxb4 18. O-O Bb7 19. Bd4 h6 20. Qf2 hxg5 21. fxg5 f6 22. gxf6 gxf6 23. Bxf6 Rg8+ 24. Bg5 Be7 25. Bg2 Rxg5 26. hxg5 Kd7 27. Qe3 Rg8 28. Rf7 Ke8 29. Raf1 Bxg5 30. Qf2 Bh6 31. Qf6 Bg5 32. Re7+ Kd8 33. Rxb7+ 1-0

[Event "45th FIDE Chess Olympiad Open"]
[Site "Budapest, Hungary"]
[Date "2024.09.11"]
[Round "1.102"]
[White "Yee, Soon Wei"]
[Black "Subelj, Jan"]
[Result "0-1"]
[WhiteElo "2219"]
[BlackElo "2498"]
[PlyCount "33"]
[EventDate "2024.??.??"]
[WhiteTeam "Brunei Darussalam"]
[BlackTeam "Slovenia"]
[BlackTeamCountry "SLO"]
[WhiteClock "0:24:04"]
[BlackClock "0:44:59"]

1. e4 c6 2. Nc3 d5 3. Nf3 Bg4 4. h3 Bxf3 5. Qxf3 e6 6. d4 Nf6 7. Bd3 dxe4 8. Nxe4 Qxd4 9. c3 Qd8 10. Bg5 Be7 11. Bxf6 gxf6 12. O-O-O ({RR} 12. Rd1 Nd7 13. O-O Qc7 14. Rfe1 O-O-O 15. Qh5 Ne5 16. Bc2 Rxd1 17. Rxd1 Ng6 18. Qe2 f5 19. Ng3 Nf4 20. Qe3 Kb8 21. Qd4 Rg8 22. Qd7 h5 23. Qxc7+ Kxc7 24. Rd4 Bd6 25. h4 c5 26. Ra4 a6 {Blokhin,S (2052)-Mierins,E (2244) Parnu EST 2024 0-1 (46)}) 12... Nd7 13. Qh5 $146 ({RR} 13. Bc2 Qc7 14. g4 O-O-O 15. Qg3 Ne5 16. f4 Ng6 17. Rxd8+ Rxd8 18. f5 Nf4 19. Qf3 e5 20. h4 h6 21. g5 Qa5 22. Bb3 Rd3 23. Qf2 hxg5 24. hxg5 Rxc3+ 25. Kb1 Rh3 26. Rd1 Qb4 27. Bc2 Nd5 {Prommuang,A (1577)-Nguyen Thi Thanh An (2249) Hangzhou CHN 2023 0-1 (41)}) 13... Qc7 14. Rhe1 f5 15. Bc4 fxe4 16. Bxe6 Qf4+ 17. Kb1 0-1

[Event "45th FIDE Chess Olympiad Open"]
[Site "Budapest, Hungary"]
[Date "2024.09.11"]
[Round "1.103"]
[White "Sebenik, Matej"]
[Black "Lim Teck Guan, Rodney"]
[Result "1-0"]
[WhiteElo "2515"]
[BlackElo "1931"]
[PlyCount "63"]
[EventDate "2024.??.??"]
[WhiteTeam "Slovenia"]
[BlackTeam "Brunei Darussalam"]
[WhiteTeamCountry "SLO"]
[WhiteClock "0:17:55"]
[BlackClock "0:01:42"]

1. e4 e6 2. d4 d5 3. e5 c5 4. c3 Nc6 5. Nf3 Nge7 6. Na3 Nf5 7. Nc2 Qb6 ({RR} 7... h5 8. Bd3 g6 9. O-O Be7 10. dxc5 Bxc5 11. Bg5 Be7 12. Bxe7 Ncxe7 13. Qd2 Bd7 14. Rfe1 Qc7 15. Bxf5 Nxf5 16. Ncd4 O-O-O 17. h4 Kb8 18. Qg5 Nh6 19. Rad1 Ng4 20. Rd2 Rc8 21. Qf4 f6 22. Qg3 {Zhigalko,S (2572)-Arabidze,M (2436) Chess.com INT 2021 1-0 (56)}) 8. Bd3 Bd7 $146 ({RR} 8... cxd4 9. Bxf5 exf5 10. cxd4 g6 11. O-O Bg7 12. b3 O-O 13. Ba3 Re8 14. Qd2 f6 15. exf6 Bxf6 16. Rfe1 Bd7 17. Bc5 Qc7 18. Ne3 Be6 19. Rac1 b6 20. Ba3 Qd7 21. Bb2 Rac8 22. Ne5 Nxe5 23. dxe5 {Krueger,E (1813)-Koerber,B (1603) Berlin 2015 1-0 (44)}) ({RR} 8... cxd4 9. Bxf5 exf5 10. Ncxd4 Bc5 11. O-O O-O 12. Nb3 Be6 13. Nxc5 Qxc5 14. Be3 Qe7 15. Qd3 h6 16. h4 Rac8 17. Rfe1 Qc7 18. b4 Rfe8 19. Bc5 Ne7 20. a4 b6 21. Bd4 Nc6 22. Ra3 Nxd4 23. Nxd4 {Lopez Santana,O (2095)-Prada Villagrasa,P (1954) Barcelona ESP 2023 ½-½ (34)}) ({RR} 8... c4 9. Bxf5 exf5 10. Ne3 Be6 11. Qc2 g6 12. g3 Be7 13. Ng2 Qd8 14. Be3 b5 15. b3 b4 16. Bd2 bxc3 17. Bxc3 Nb4 18. Qd2 Nd3+ 19. Kf1 Rb8 20. Rb1 Qc8 21. Nge1 Nxe1 22. Qxe1 f4 23. Qc1 {Riesenbeck,M-Lassan,C (2074) Berlin 2004 0-1}) 9. dxc5 Bxc5 10. O-O g6 11. Bg5 h6 12. Bf6 Rh7 13. g4 Ng7 14. Qd2 Kf8 15. h4 h5 16. g5 Nf5 17. Bxf5 exf5 18. b4 Be7 19. Ne3 Be6 20. Nxd5 Rd8 21. Nxb6 Rxd2 22. Nxd2 axb6 23. f4 Ke8 24. Rfd1 Kd7 25. b5 Bc5+ 26. Kh2 Ne7 27. Ne4+ Kc7 28. Nxc5 bxc5 29. Bxe7 Rh8 30. Bxc5 Ra8 31. Rd6 Bd7 32. a4 1-0